Countries that Start and End with the Same Letter - Statistics

General Stats
  • This quiz has been taken 61 times
  • The average score is 11 of 14
Answer Stats
Letter Country % Correct
A Andorra
92%
A Armenia
90%
A Austria
90%
A Angola
89%
A Australia
89%
A Albania
85%
A Algeria
84%
A Argentina
80%
S Seychelles
80%
A Antigua and Barbuda
70%
S Solomon Islands
69%
S Saint Kitts and Nevis
66%
S Saint Vincent and the Grenadines
61%
C Central African Republic
49%
No matching quizzes found
Score Distribution
Percent of People with Each Score
Percentile by Number Answered
Your Score History
You have not taken this quiz